JKT48 GUESS JIKOSHOUKAI - Statistics

General Stats
  • This quiz has been taken 18,782 times
  • The average score is 27 of 42
Answer Stats
Hint Answer % Correct
Aku datang bagaikan embun pagi yang menyejukkan suasana hati ashel
97%
Peduli dan berbaik hati siapa kah dia Christy
87%
Semanis coklat selembut sutra Shani
87%
Seperti pizza yang selalu dinanti-nantikan semua orang, selalu nantikan aku ya Marsha
83%
Watashi no kokoro, unlock! akan menemani hari-harimu dengan sepenuh hati Indira
79%
Si gadis tomboy yang semangatnya meletup-letup Zee
79%
Seperti teka-teki yang akan membuat kalian penasaran denganku Oniel
78%
Bagaikan kucing yang kalem,tapi selalu memikat hati kamu Adel
75%
Suka menari dan akan berusaha menjadi sumber energimu Jessi
74%
Ada yang mau ikut aku? Ayo ikut kedunia ....., simsalabim akan ku buat kamu, jadi berbunga-bunga Flora
72%
Diam bukan berarti tidak memperhatikanmmu Gita
72%
Brumm brumm melaju cepat bagai motor 1000cc! aku sigadis penyuka motor amanda
71%
Gadis Koleris yang suka berimajinasi, terangi harimu dengan senyuman karamelku Freya
71%
Seperti bunga daisy, aku akan memancarkan kesegaran dan kebahagiaan Daisy
70%
Ohayo! Konnichiwa! Oyasumi! Aku ingin selalu ada di setiap waktumu Ella
68%
Manis seperti gulali, imut seperti kelinci Gracie
67%
Seperti simfoni yang menenengkan hati Fiony
66%
Dengan kelincahanku, aku akan menari setiap hari Muthe
66%
Si beruang madu, penyuka madu! Callie
65%
Memberikan kebahagiaan lewat Gummy Smile ku Chika
65%
All is your number one. To infinity and beyond MIchie
65%
Pandangan mataku akan menyinari hatimu bagaikan kunang-kunang di malam hari Greesel
64%
Dengan keajaibanku, aku akan membuat kalian penasaran denganku ..... si mechanic girl Olla
62%
Si mungil hadir, semanis mangga Anindya
61%
Cring... Si peri cantik jelita, itulah aku Cathy
61%
Senyumku akan terekam jelas dalam ingatanmu seperti foto dengan sejuta warna Gracia
61%
Bonjour, periang dan pencair suasana itulah aku Gendis
59%
Matahari yang indah, yang akan memberikan kehangatan di setiap harinya Feni
56%
Victoria! aku akan selalu memenangkan hatimu Jeane
56%
Si social butterfly yang energik dan periang! Lia
56%
Kalau sakura itu kembang, Aku itu kembanggaanmu! Raisha
56%
Tak banyak bicara bercerita lewat tulisan Indah
55%
Never miss a chance to be a star! Kathrina
53%
Aprikot aprikot aprikot aprikot, pang! Dengan energi kegembiraanku aku akan menghangatkan suasana Eli
52%
Semanis permen kapas dan seindah bunga lavender Elin
52%
Seperti ombak laut yang tenang, tiba-tiba aku akan menyapumu dengan banyak cinta! Lyn
49%
Jika hatimu sedang menangis aku akan datang sebagai pelangi Alya
48%
As bright as the shooting stars in the starry night sky Chelsea
48%
Tok tok! Siapa? Si penari yang akan menarikmu ke duniaku Danella
46%
Seperti kerang ajaib yang indah, suara semangatku akan mengiringi hidupmu Lulu
39%
Aku ceria dan senang menyanyi Sisca
38%
Semangatku terus menerus meluap pop pop Cynthia
36%
No matching quizzes found
Score Distribution
Percent of People with Each Score
Percentile by Number Answered
Your Score History
You have not taken this quiz